<?xml version="1.0" encoding="UTF-8"?>
<record
    xmlns:xsi="http://www.w3.org/2001/XMLSchema-instance"
    xsi:schemaLocation="http://www.loc.gov/MARC21/slim http://www.loc.gov/standards/marcxml/schema/MARC21slim.xsd"
    xmlns="http://www.loc.gov/MARC21/slim">

  <leader>02721nam a22001817a 4500</leader>
  <controlfield tag="003">NUST</controlfield>
  <controlfield tag="005">20260207120110.0</controlfield>
  <datafield tag="082" ind1=" " ind2=" ">
    <subfield code="a">621.382,HAS</subfield>
  </datafield>
  <datafield tag="100" ind1=" " ind2=" ">
    <subfield code="a">Hassan, Muhammad Mateen</subfield>
    <subfield code="9">124472</subfield>
  </datafield>
  <datafield tag="245" ind1=" " ind2=" ">
    <subfield code="a">Design and Development of MIMO Reconfigurable Antenna System Based on MEMS Technology /</subfield>
    <subfield code="c">Muhammad Mateen Hassan</subfield>
  </datafield>
  <datafield tag="260" ind1=" " ind2=" ">
    <subfield code="a">Rawalpindi,</subfield>
    <subfield code="b">MCS (NUST),</subfield>
    <subfield code="c">2021</subfield>
  </datafield>
  <datafield tag="300" ind1=" " ind2=" ">
    <subfield code="a">xiv, 119 p</subfield>
  </datafield>
  <datafield tag="505" ind1=" " ind2=" ">
    <subfield code="a">Modern wireless communication systems demand multi&#x2013;band operation, higher data rate, channel
capacity and better link reliability. Such requirements can be met by the usage of multiple input
multiple output (MIMO) antenna system. The complexity of the MIMO antenna system has been
reduced by the implementation of frequency reconfiguration approach. The frequency
reconfiguration characteristics has been achieved by introducing radio frequency micro&#x2013;electro&#x2013;
mechanical&#x2013;system (RF MEMS) switches in the antenna system. The features of RF MEMS
switch that distinguish it from other existed active switches include low power loss, wide
impedance bandwidth, low insertion loss and high isolation.
The thesis presents a novel design of two element MIMO frequency reconfigurable antenna
system consisting of two semi&#x2013;circular ring&#x2013;shaped strip&#x2013;lines with a rectangular slot on the top
conducting layer and a U&#x2013;shaped slot on the bottom side of the substrate. The dimensions of the
proposed antenna system are 32 &#xD7; 98 &#xD7; 1 mm3. Frequency reconfigurable characteristics of the
proposed MIMO antenna system has been achieved by using single pole four throw (SP4T) RF
MEMS switch. To achieve the better performance from the proposed antenna system, the SP4T
switch has been used in the U&#x2013;shaped slot etched in the ground plane of the substrate. The
frequency reconfigurability of antenna system has been switched at the frequencies of 600 MHz,
1.8 GHz, 2.4 GHz, 3.5 GHz and 5.5 GHz bands. Isolation greater than 15 dB has been achieved at
all the operating bands without addition of any decoupler structure. The measured peak gains of
3.4 dB, 3.8 dB, 4.3 dB, and 4.4 dB have been achieved at 1.8 GHz, 2.45 GHz, 3.5 GHz, and 5.5
GHz respectively. Average peak radiation efficiency of 59% has been observed at all operating
bands of MIMO frequency reconfigurable antenna system. The calculated envelop correlation coefficient (ECC) less than 0.04, diversity gain (DG) greater than 9.8 dB and total active reflection
coefficient (TARC) less than &#x2013;10 dB have been observed at all operating bands during operation.</subfield>
  </datafield>
  <datafield tag="650" ind1=" " ind2=" ">
    <subfield code="a">PhD Electrical Engineering Thesis</subfield>
    <subfield code="9">133107</subfield>
  </datafield>
  <datafield tag="651" ind1=" " ind2=" ">
    <subfield code="a">PhD EE Thesis</subfield>
    <subfield code="9">133108</subfield>
  </datafield>
  <datafield tag="700" ind1=" " ind2=" ">
    <subfield code="a">Supervised by Dr. Adnan Ahmed Khan</subfield>
    <subfield code="9">132387</subfield>
  </datafield>
  <datafield tag="942" ind1=" " ind2=" ">
    <subfield code="2">ddc</subfield>
    <subfield code="c">THE</subfield>
  </datafield>
  <datafield tag="999" ind1=" " ind2=" ">
    <subfield code="c">616110</subfield>
    <subfield code="d">616110</subfield>
  </datafield>
  <datafield tag="952" ind1=" " ind2=" ">
    <subfield code="0">0</subfield>
    <subfield code="1">0</subfield>
    <subfield code="2">ddc</subfield>
    <subfield code="4">0</subfield>
    <subfield code="7">0</subfield>
    <subfield code="a">MCS</subfield>
    <subfield code="b">MCS</subfield>
    <subfield code="c">THE</subfield>
    <subfield code="d">2026-02-07</subfield>
    <subfield code="l">0</subfield>
    <subfield code="o">621.382,HAS</subfield>
    <subfield code="p">MCSPhD EE-16</subfield>
    <subfield code="r">2026-02-07</subfield>
    <subfield code="w">2026-02-07</subfield>
    <subfield code="y">THE</subfield>
    <subfield code="z">Almirah No.68, Shelf No.6</subfield>
  </datafield>
</record>
